Wszystkie Morza Europy - Statystyki

Ogólne statystyki
  • Ten quiz został rozwiązany 198 razy
  • Średni wynik to 11 z 31
Statystyki odpowiedzi
Powierzchnia ---X--- Nazwa % Poprawnych
415 266km² Morze Bałtyckie
96%
2 500 000km² Morze Śródziemne
91%
422 000km² Morze Czarne
89%
565 000km² Morze Północne
79%
138 600km² Morze Adriatyckie
71%
1 385 000km² Morze Norweskie
67%
196 350 km² Morze Egejskie
64%
169 000km² Morze Jońskie
51%
90 000km² Morze Białe
50%
105 000km² Morze Irlandzkie
40%
1 400 000km² Morze Barentsa
37%
231 000km² Morze Tyrreńskie
37%
39 000km² Morze Azowskie
36%
11 350km² Morze Marmara
30%
45 000km² Morze Celtyckie
25%
84 000km² Morze Liguryjskie
23%
45 000km² Morze Kreteńskie
22%
86 000km² Morze Balearskie
21%
1 205 000km² Morze Grenlandzkie
20%
53 000km² Morze Alborańskie
14%
880 000km² Morze Karskie
14%
5 470km² Morze Alandzkie
10%
47 000km² Morze Hebrydzkie
9%
??? Morze Mirtejskie
9%
??? Morze Sardyńskie
9%
??? Morze Trackie
9%
81 260km2 Morze Peczorskie
8%
6 300km² Morze Archipelagowe
7%
3550km² Morze Iroise
7%
??? Morze Kantabryjskie
7%
66 000km² Morze Botnickie
6%
Nie znaleziono quizów pasujących do podanych kryteriów
Rozkład punktacji
Procent ludzi z każdym wynikiem
Percentyl według liczby udzielonych odpowiedzi
Twoja historia wyników
Nie rozwiązałeś tego quizu